ბათუმის შოთა რუსთაველის სახელმწიფო უნივერსიტეტის ბიბლიოთეკა

Основы гидравлики, водоснабжения и канализации. (ბიბ.ჩანაწერი № 38389)

000 -LEADER
fixed length control field 00805nam a2200229Ia 4500
001 - CONTROL NUMBER
control field 4399
003 - CONTROL NUMBER IDENTIFIER
control field GE_BSU
008 - FIXED-LENGTH DATA ELEMENTS--GENERAL INFORMATION
fixed length control field 181216s||||||||xx |||||||||||||| ||und||
040 ## - CATALOGING SOURCE
Transcribing agency GE_BSU
080 ## - UNIVERSAL DECIMAL CLASSIFICATION NUMBER
Universal Decimal Classification number 532+628.1(075.8)
100 ## - MAIN ENTRY--PERSONAL NAME
Personal name Калицун,В.И. Кедров,В.С. Ласков,Ю.М. Сафонов,П.В.
245 ## - TITLE STATEMENT
Title Основы гидравлики, водоснабжения и канализации.
245 ## - TITLE STATEMENT
Statement of responsibility, etc. Ред. А.Х. Канеев.
250 ## - EDITION STATEMENT
Edition statement Изд. 2-е, перераб. и доп.
260 ## - PUBLICATION, DISTRIBUTION, ETC.
Place of publication, distribution, etc. М.
260 ## - PUBLICATION, DISTRIBUTION, ETC.
Name of publisher, distributor, etc. Строительства.
260 ## - PUBLICATION, DISTRIBUTION, ETC.
Date of publication, distribution, etc. 1972.
300 ## - PHYSICAL DESCRIPTION
Extent 381 стр. 24 см. 293 библиогр.
300 ## - PHYSICAL DESCRIPTION
Accompanying material 66 табл.
653 ## - INDEX TERM--UNCONTROLLED
Uncontrolled term Основы гидравлики, водоснабжения и канализации.
942 ## - ADDED ENTRY ELEMENTS (KOHA)
Koha item type წიგნი
ეგზემპლარები
Withdrawn status Lost status Damaged status Not for loan Date acquired Barcode Date last seen Price effective from Koha item type Public note
        2018-12-17 9341 2018-12-17 2018-12-17 წიგნი საცავი